000 00478nam a2200181Ia 4500
005 20250603145620.0
008 250603s9999 xx 000 0 und d
020 _a978-007-126381-8
050 _aJF 1351 .R56/
100 _aRosenbloom, David S.
245 0 _aPublic administration : understanding management, politics, and in the public sector
260 _aNew York
260 _bMcGraw-Hill
260 _c2009
300 _a580 p
650 _aNew York
942 _cBK
999 _c42355
_d42355